• 首页
  • 本馆介绍
  • 公告通知
  • 最新文献
  • 馆藏检索
  • 电子资源
  • 读者导购
  • 参考咨询
  • 我的图书馆
  • 登录
  • 详细信息显示
  • 放入我的书架
  • 预约/预借图书
  • 作者相关作品
  • 分类相关作品
  • 丛书相关作品
  • 出版社相关作品

书目信息

  • 表格格式
  • 工作单格式
  • 卡片格式
题名:
布尔代数
    
 
作者: 刘文 编
分册:  
出版信息: 北京   高等教育出版社  1981
页数: 79页
开本: 21cm
丛书名:
单 册:
中图分类: O153.2
科图分类:
主题词: 布尔代数
电子资源:
ISBN:
000 00617nam0 2200241 45
001 0181005336
005 20060721152151.14
010    @dCNY0.28
091    @a13010.0596
100    @a19950525d1981 em y0chiy0121 ea
101 0  @achi
102    @aCN@b110000
105    @ay z 000yy
200 10 @a布尔代数@Abu er dai shu@f刘文编@Fliu wen bian
210    @a北京@c高等教育出版社@d1981
215    @a79页@d21cm
300    @a高等学校教学参考书
606    @a布尔代数
690    @aO153.2@v3
701  0 @a刘文@Aliu wen@4编
801  2 @aCN@bNLC@c20060721
801  0 @aCN@b上海图书馆@c20060721
905    @dO153.2@e14≈2
    
    布尔代数/刘文编.-北京:高等教育出版社,1981
    79页;21cm
    高等学校教学参考书
    
    ISBN :CNY0.28
    
●
相关链接 在E读中查询图书 在五车中查询图书 在当当中查询图书 在豆瓣中查询图书


正题名:布尔代数     索取号:O153.2/14≈2         预约/预借

序号 登录号 条形码 馆藏地/架位号 状态 备注
1 0104192   202330174   密集书库/ [索取号:O153.2/14≈2] 在馆    
2 0104193   202330138   密集书库/ [索取号:O153.2/14≈2] 在馆    
3 0104194   202330165   密集书库/ [索取号:O153.2/14≈2] 在馆    
4 0430503   204305037   密集书库/ [索取号:O153.2/14≈2] 在馆    
5 0430504   204305046   密集书库/ [索取号:O153.2/14≈2] 在馆    
6 0430505   204305055   密集书库/ [索取号:O153.2/14≈2] 在馆    
7 0430506   204305064   密集书库/ [索取号:O153.2/14≈2] 在馆    
8 0430507   204305073   密集书库/ [索取号:O153.2/14≈2] 在馆    
9 0430508   204305082   密集书库/ [索取号:O153.2/14≈2] 在馆    
10 0430509   204305091   密集书库/ [索取号:O153.2/14≈2] 在馆    
11 0430510   204305108   密集书库/ [索取号:O153.2/14≈2] 在馆    
12 0430511   204305117   密集书库/ [索取号:O153.2/14≈2] 在馆    
唐山师范学院图书馆 欢迎您!
大连网信软件有限公司© 版权所有